000 00220nam a2200097Ia 4500
005 20251222114404.0
008 251222s1900||||xx |||||||||||||| ||spa||
082 _aDVD0150/G91/2006
245 0 _aMamá Margarita
942 _cDVD
999 _c1760
_d1760